Top 10 Tomato Exporting Countries - Statistics

General Stats
  • This quiz has been taken 73 times
  • The average score is 6 of 10
Answer Stats
US$ mil country % Correct
352 United States
99%
1100 Spain
93%
2100 Mexico
89%
355 France
87%
373 Canada
80%
240 Turkey
66%
288 Belgium
43%
1600 Netherlands
43%
509 Morocco
40%
256 Jordan
4%
No matching quizzes found
Score Distribution
Percent of People with Each Score
Percentile by Number Answered
Your Score History
You have not taken this quiz